Histoire de la scène occidentale (notice n° 1567225)

détails MARC
000 -LEADER
fixed length control field 00742cam a2200133 4500500
005 - DATE AND TIME OF LATEST TRANSACTION
control field 20251214002630.0
041 ## - LANGUAGE CODE
Language code of text/sound track or separate title fre
042 ## - AUTHENTICATION CODE
Authentication code dc
100 10 - MAIN ENTRY--PERSONAL NAME
Personal name Hubert, Marie-Claude
Relator term author
245 00 - TITLE STATEMENT
Title Histoire de la scène occidentale
260 ## - PUBLICATION, DISTRIBUTION, ETC.
Name of publisher, distributor, etc. Armand Colin,<br/>
Date of publication, distribution, etc. 2011.<br/>
520 ## - SUMMARY, ETC.
Summary, etc. Art du temps, mais aussi art du spectacle, le théâtre se joue dans l’espace. Une transformation des conditions de la représentation infléchit la dramaturgie vers des voies nouvelles. De l’Antiquité à nos jours, trois grandes solutions ont été exploitées en Occident, qui correspondent à trois formes de dramaturgie.
856 41 - ELECTRONIC LOCATION AND ACCESS
Uniform Resource Identifier <a href="https://shs.cairn.info/histoire-de-la-scene-occidentale--9782200270230?lang=fr&redirect-ssocas=7080">https://shs.cairn.info/histoire-de-la-scene-occidentale--9782200270230?lang=fr&redirect-ssocas=7080</a>

Pas d'exemplaire disponible.

PLUDOC

PLUDOC est la plateforme unique et centralisée de gestion des bibliothèques physiques et numériques de Guinée administré par le CEDUST. Elle est la plus grande base de données de ressources documentaires pour les Étudiants, Enseignants chercheurs et Chercheurs de Guinée.

Adresse

627 919 101/664 919 101

25 boulevard du commerce
Kaloum, Conakry, Guinée

Réseaux sociaux

Powered by Netsen Group @ 2025